| 000 | 00465nam a2200133Ia 4500 | ||
|---|---|---|---|
| 008 | 191111s9999 xx 000 0 und d | ||
| 020 | _a9789719809302 | ||
| 100 | _aDevilles, Gary C. | ||
| 245 |
_cGary C. Devilles.-- _aArt sense : _bsensing the arts in the everyday / |
||
| 260 |
_aQuezon City : _bC & E Publishing, Inc. _c2018 |
||
| 300 | _axxii, 313 pages. | ||
| 650 | _aArt appreciation -- study and teaching | ||
| 650 | _aArts -- study and teaching -- Philippines | ||
| 999 |
_c362599 _d362599 |
||